000 00822nam a22002057a 4500
005 20180502094018.0
010 _a1718EN-30 B-686983-995
020 _a9789352645251
_c399.00
035 _aB-686983-995
037 _bIndex International
_adpl
082 _a954.035092
100 _aShourie, Arun
245 _aDoes he know a mother's heart? :
_cby Arun Shourie
_bhow suffering refutes religions /
260 _c2011
_aNoida
_bHarperCollins
270 _aA-75, Sector-57,
_bNoida
_e201301
300 _c25cm(Hb)
_a435p.
500 _aIncludes index
942 _cEN
_2ddc
_mSHO
_h954.035092
999 _c144446
_d144446